000 00290nam a2200109 a 4500
005 20201002044921.0
008 140403s1971 000 spa d
100 _aSwift, Jonathan
_967282
245 4 _aLos viajes de gulliver.
260 _aMadrid -- Libra,
_c1971 -- 176 p.
999 _c43171
_d43171
040 _aDO-SdBNP